000 01590cam a2200373 a 4500
001 2559834
003 OSt
005 20180117085952.0
008 950328s1996 enka b 001 0 eng
010 _a 95014761
020 _a0335194117 (hb)
020 _a0335194109 (pb)
020 _a0335194117 (hb)
040 _aDLC
_cDLC
_dDLC
050 0 0 _aR726.7
_b.P38 1996
082 0 0 _a610/.19
_220
100 1 _aPayne, Sheila,
_d1954-
245 1 0 _aPsychology for nurses and the caring professions /
_cSheila Payne and Janet Walker.
260 _aBuckingham ;
_aBristol, PA, USA :
_bOpen University Press,
_c1996.
300 _aix, 228 p. :
_bill. ;
_c25 cm.
440 0 _aSocial science for nurses and the caring professions
504 _aIncludes bibliographical references (p. [210]-217) and index.
650 0 _aClinical health psychology.
650 0 _aPatients
_xPsychology.
650 0 _aNursing
_xPsychological aspects.
700 1 _aWalker, Jan,
_d1946-
856 4 2 _3Publisher description
_uhttp://www.loc.gov/catdir/description/mh051/95014761.html
856 4 2 _3Contributor biographical information
_uhttp://www.loc.gov/catdir/bios/mh051/95014761.html
856 4 1 _3Table of contents
_uhttp://www.loc.gov/catdir/toc/mh051/95014761.html
906 _a7
_bcbc
_corignew
_d1
_eocip
_f19
_gy-gencatlg
942 _2ddc
_cBK
999 _c2894
_d2894